000 00859nam a22002297a 4500
005 20080618112441.0
008 080618t xxu||||| |||| 00| 0 eng d
010 _aENG-90364
020 _a8183983457
_c78.00
035 _aEN-73897
037 _bDBAD / PUB
040 _aDPL
_bEN
082 _a005.1068
100 _aGupta, Prabhakar
245 _aPragati's software project management :
_cby Prabhakar Gupta [and] Vineet Agarwal
_b(for B.Tech. and MCA) /
260 _aMeerut
_bPragati Prakashan
_c2007
270 _a240, W.K. Raod,
_bMeerut
_e250001
300 _aviii, 92p.
_c25 cm (pbk)
700 _aAgarwal, Vineet
942 _cEN
_h005.1068
_2ddc
_mGUP
999 _c13785
_d13785